ARRUPE JESUIT UNIVERSITY

CORONAVIRUS -STOP THE SPREAD - CLEAN,DISINFECT,COVER

The Northward trek (Record no. 124057)

MARC details
000 -LEADER
fixed length control field 01351cam a2200337Ki 4500
001 - CONTROL NUMBER
control field 8158763
003 - CONTROL NUMBER IDENTIFIER
control field ARRUPE
005 - DATE AND TIME OF LATEST TRANSACTION
control field 20160204152543.0
006 - FIXED-LENGTH DATA ELEMENTS--ADDITIONAL MATERIAL CHARACTERISTICS--GENERAL INFORMATION
fixed length control field m d
007 - PHYSICAL DESCRIPTION FIXED FIELD--GENERAL INFORMATION
fixed length control field cr bn||||||abp
007 - PHYSICAL DESCRIPTION FIXED FIELD--GENERAL INFORMATION
fixed length control field cr bn||||||ada
008 - FIXED-LENGTH DATA ELEMENTS--GENERAL INFORMATION
fixed length control field 100315s1909 enkabcf o 001 0deng d
035 ## - SYSTEM CONTROL NUMBER
System control number (OCoLC)ocn555606918
035 ## - SYSTEM CONTROL NUMBER
System control number (OCoLC)555606918
040 ## - CATALOGING SOURCE
Original cataloging agency OCLCE
Language of cataloging eng
Transcribing agency OCLCE
Modifying agency OCLCQ
043 ## - GEOGRAPHIC AREA CODE
Geographic area code f-sa---
049 ## - LOCAL HOLDINGS (OCLC)
Holding library ZCUA
050 #4 - LIBRARY OF CONGRESS CALL NUMBER
Classification number SPC DT757
Item number .H82
082 04 - DEWEY DECIMAL CLASSIFICATION NUMBER
Classification number 968.2
Item number H992
300 ## - PHYSICAL DESCRIPTION
Dimensions 23cm.
100 1# - MAIN ENTRY--PERSONAL NAME
Personal name Hyatt, Stanley Portal,
Dates associated with a name 1877-1914.
9 (RLIN) 21862
245 14 - TITLE STATEMENT
Title The Northward trek
Statement of responsibility, etc by Stanley Portal Hyatt.
260 ## - PUBLICATION, DISTRIBUTION, ETC. (IMPRINT)
Place of publication, distribution, etc London :
Name of publisher, distributor, etc A. Melrose,
Date of publication, distribution, etc 1909.
300 ## - PHYSICAL DESCRIPTION
Extent xxi, 309 p.,
500 ## - GENERAL NOTE
General note Includes index.
506 ## - RESTRICTIONS ON ACCESS NOTE
Materials specified Use copy
Standardized terminology for access restriction Restrictions unspecified
Source of term star
Institution to which field applies MiAaHDL
533 ## - REPRODUCTION NOTE
Type of reproduction Electronic reproduction.
Place of reproduction [S.l.] :
Agency responsible for reproduction HathiTrust Digital Library,
Date of reproduction 2010.
538 ## - SYSTEM DETAILS NOTE
System details note Master and use copy. Digital master created according to Benchmark for Faithful Digital Reproductions of Monographs and Serials, Version 1. Digital Library Federation, December 2002.
Uniform Resource Identifier <a href="http://purl.oclc.org/DLF/benchrepro0212">http://purl.oclc.org/DLF/benchrepro0212</a>
583 1# - ACTION NOTE
Action digitized
Time/date of action 2010
Jurisdiction HathiTrust Digital Library
Status committed to preserve
Source of term pda
Institution to which field applies MiAaHDL
776 08 - ADDITIONAL PHYSICAL FORM ENTRY
Display text Print version:
Main entry heading Hyatt, Stanley Portal, 1877-1914.
Title Northward trek.
Place, publisher, and date of publication London : A. Melrose, 1909
Record control number (OCoLC)3816750
942 ## - ADDED ENTRY ELEMENTS (KOHA)
Source of classification or shelving scheme Library of Congress Classification
Koha item type SPC
Holdings
Withdrawn status Lost status Source of classification or shelving scheme Damaged status Not for loan Collection code Home library Current library Shelving location Date acquired Total Checkouts Full call number Barcode Date last seen Price effective from Koha item type
    Library of Congress Classification     SPECIAL Collection ARRUPE LIBRARY ARRUPE LIBRARY Main Collection 27/01/2016   SPC DT757.H82 46500006056 05/07/2018 27/01/2016 SPC

 

Arrupe Library. PO Box MP320 Mt Pleasant, Harare, Zimbabwe
263 242 745411|librarian@aju.ac.zw